Statistics for Odd One Out: Rivers Through Countries

Click here to take the quiz!

General Stats

  • This quiz has been taken 14 times
  • The average score is 6 of 15

Answer Stats

QuestionAnswer% Correct
DanubePoland
67%
IndusAfghanistan
56%
EuphratesIran
56%
NigerLiberia
56%
PoAustria
44%
SavaMontenegro
44%
OderSlovakia
44%
ScheldtGermany
33%
VoltaMali
33%
BugRussia
33%
ParanáUruguay
33%
OrangeBotswana
22%
ZambeziMalawi
22%
SalweenIndia
11%
Amu DaryaKyrgyzstan
0%

Score Distribution

Percentile by Number Answered

Percent of People with Each Score

Your Score History

You have not taken this quiz